| 000 | 00676nam a2200193 a 4500 | ||
|---|---|---|---|
| 003 | 0 | ||
| 005 | 20250415122220.0 | ||
| 008 | 060801s19uu xx 00 eng d | ||
| 050 |
_aPHS TP 248.25.D35 _b.K56 2006 |
||
| 100 | _aKim, Ji Yong. | ||
| 245 |
_aEffect of different types of acid to the extraction of DNA in Pisum sativum (green pea) / _cJi Yong Kim. |
||
| 260 |
_aLas PiƱas City, Philippines : _bSouthville International School and Colleges, _c2006. |
||
| 300 |
_a26 pages ; _c28 cm. |
||
| 504 | _aIncludes bibliographical references. | ||
| 650 |
_aDNA _xExtraction. |
||
| 650 |
_aPisum sativum _xGenetics. |
||
| 650 |
_aAcids _xEffect on plants. |
||
| 942 |
_2lcc _cPASS |
||
| 999 |
_c97624 _d97624 |
||